Datum a čas kvízu
25
Celkem bodů
Celkový počet nahraných bodů na tomto kvízu bez doplňovacích otázek.
8.
Pořadí na kvízu
Konečné umístění týmu na tomto kvízu.
Zaznamenané odpovědi
| # | Otázka | Odpověď | Body | Výsledky |
|---|---|---|---|---|
| 1. | Česká vláda ve středu jmenoval... | Michal Koudelka | 1 | |
| 2. | Až do pozdní noci se v pondělí... | nezvykle dlouhý stůl | 1 | |
| 3. | Ve čtvrtek začal již 72. roční... | Berlinale | 0 | |
| 4. | Ve věku 78 let v úterý zemřel... | dm drogerie | 0 | |
| 5. | NBA zaznamenala minulý týden n... | James Harden | 0 | |
| 6. | Začneme jedním ze základních a... | 1B 2C 3D 4A | 1 | |
| 7. | Pokud byste se chtěli naučit k... | pravou mozkovou hemisférou | 1 | |
| 8. | Který renesanční umělec je aut... | Leonardo da Vinci | 1 | |
| 9. | Vedle klasických pastelek, jak... | akvarelové | 1 | |
| 10. | Firma Koh-i-noor Hardtmuth je... | v Českých Budějovicích | 1 |